000 00424nam a22001697a 4500
003 CEME
005 20210628203722.0
008 210415b xxu||||| |||| 00| 0 eng d
020 _a0-672-20520-3
040 _c.
082 _a621.38284 BAD'H
100 _aDavis, Don , Badmaieff, Alexis
_967003
245 _aHow to build speaker enclosures
260 _aUSA
_bHOWARD W SAMS
_c1987
300 _a144P
942 _cBK
_2ddc
999 _c574860
_d574860